[Event "15th London Classic Open"]
[Site "London ENG"]
[Date "2025.11.27"]
[Round "1.1"]
[White "Badacsonyi, Stanley"]
[Black "Praggnanandhaa, R"]
[Result "0-1"]
[WhiteTitle "FM"]
[BlackTitle "GM"]
[WhiteElo "2316"]
[BlackElo "2768"]
[WhiteFideId "486973"]
[BlackFideId "25059530"]
[EventDate "2025.11.27"]

1. d4 Nf6 2. c4 e6 3. Nc3 Bb4 4. e3 Bxc3+ 5. bxc3 b6 6. Bd3 Bb7 7. f3 d6 8. e4
Qe7 9. Be3 Nc6 10. Nh3 Na5 11. Nf2 Ba6 12. Qe2 Nd7 13. c5 Bxd3 14. Nxd3 O-O 15.
O-O dxc5 16. dxc5 bxc5 17. Rab1 c4 18. Nb4 a6 19. Rfd1 Rfb8 20. Qd2 Nb6 21. Qd4
f6 22. Qd2 Na4 23. Nd5 Qd6 24. Rxb8+ Rxb8 25. Qc2 Qa3 26. Bc1 Qc5+ 27. Be3 Qb5
28. Nxc7 Qc6 29. Nxa6 Rb2 30. Rd8+ Kf7 31. Qd1 Nxc3 32. Qd7+ Kg6 33. h4 h5 34.
Nc5 Rb1+ 35. Kh2 Qxd7 36. Rxd7 Nd1 37. Bd4 e5 38. Bg1 c3 39. Rc7 c2 40. Nd3 Nb2
41. Nxb2 c1=Q 42. Rxc1 Rxc1 43. Nd3 Rc3 44. Nb4 Nc6 45. a3 Na5 46. Nd5 Rxa3 47.
Kh3 Nc4 48. Bf2 Nb2 49. Be3 Nd3 50. Kg3 Rb3 51. Bg1 Kf7 52. Ba7 g6 53. Bg1 Rb2
54. Be3 f5 55. Kh3 fxe4 56. fxe4 Nb4 0-1

[Event "15th London Classic Open"]
[Site "London ENG"]
[Date "2025.11.27"]
[Round "1.2"]
[White "Ivic, Velimir"]
[Black "Balaji, Aaravamudhan"]
[Result "1-0"]
[WhiteTitle "GM"]
[BlackTitle "IM"]
[WhiteElo "2618"]
[BlackElo "2305"]
[WhiteFideId "950122"]
[BlackFideId "436224"]
[EventDate "2025.11.27"]

1. d4 d5 2. c4 e6 3. Nc3 Be7 4. cxd5 exd5 5. Bf4 c6 6. e3 Bd6 7. Bxd6 Qxd6 8.
Bd3 Nf6 9. Nge2 O-O 10. Qd2 Nbd7 11. f3 c5 12. g4 Rb8 13. g5 Ne8 14. O-O-O c4
15. Bc2 b5 16. e4 Nc7 17. Qf4 Qb6 18. a3 Qa5 19. Ng3 b4 20. axb4 Rxb4 21. Nf5
Nb5 22. Ne7+ Kh8 23. Nxb5 Rxb5 24. Qe3 Nb6 25. Qc3 Bb7 26. Rhe1 Rb8 27. Nf5 Kg8
28. Nd6 Rb4 29. Nxb7 Rxb7 30. exd5 g6 31. Re8+ Kg7 32. f4 Nxd5 1-0

[Event "15th London Classic Open"]
[Site "London ENG"]
[Date "2025.11.27"]
[Round "1.3"]
[White "Koster, Ramon"]
[Black "Yuffa, Daniil"]
[Result "0-1"]
[WhiteTitle "FM"]
[BlackTitle "GM"]
[WhiteElo "2302"]
[BlackElo "2618"]
[WhiteFideId "1008544"]
[BlackFideId "24131423"]
[EventDate "2025.11.27"]

1. d4 Nf6 2. c4 e6 3. Nc3 Bb4 4. e3 O-O 5. Bd2 b6 6. Nf3 Bb7 7. Bd3 d6 8. O-O
Nbd7 9. Rc1 e5 10. Bb1 Bxc3 11. Bxc3 e4 12. Nd2 d5 13. f3 Qe7 14. fxe4 Nxe4 15.
Nxe4 dxe4 16. Qh5 Rae8 17. Rf4 g6 18. Qh6 f5 19. Rcf1 Nf6 20. a4 Ng4 21. Qh3 Bc8
22. Qg3 g5 23. R4f2 Nxf2 24. Rxf2 h6 25. h4 Kh7 26. hxg5 hxg5 27. d5 Kg6 28. Rf1
Rf7 29. Qe1 Rh7 30. Qd2 c5 31. dxc6 Rd8 32. Qf2 Rh4 33. g3 Rg4 34. Qe1 Qd6 35.
Kg2 Qxc6 36. Bc2 Qxc4 37. Bd1 Ba6 38. Rh1 Rxd1 39. Qxd1 Qd3 40. Kf2 Bc4 41. a5
b5 42. a6 Be6 43. Bd4 Bb3 44. Qc1 Bc4 45. Qd1 b4 46. Bxa7 Bxa6 47. b3 Bc8 48.
Qc1 Be6 49. Bb8 f4 50. gxf4 gxf4 51. Bxf4 Rxf4+ 52. exf4 Qf3+ 53. Kg1 Qg3+ 54.
Kf1 Bh3+ 55. Ke2 Qf3+ 56. Kd2 Qf2+ 0-1

[Event "15th London Classic Open"]
[Site "London ENG"]
[Date "2025.11.27"]
[Round "1.4"]
[White "Iniyan, Pa"]
[Black "Vijayakumar, Rishi"]
[Result "1/2-1/2"]
[WhiteTitle "GM"]
[BlackTitle "FM"]
[WhiteElo "2601"]
[BlackElo "2300"]
[WhiteFideId "25002767"]
[BlackFideId "2408953"]
[EventDate "2025.11.27"]

1. d4 Nf6 2. c4 e6 3. Nf3 d5 4. g3 Bb4+ 5. Bd2 a5 6. Bg2 O-O 7. O-O dxc4 8. Qc2
Bxd2 9. Nbxd2 b5 10. a4 c6 11. b3 cxb3 12. Nxb3 Ba6 13. Nc5 b4 14. Rfe1 Nd5 15.
Ne5 Nc3 16. e3 Qd6 17. Ne4 Nxe4 18. Bxe4 g6 19. Rac1 Bb7 20. Qe2 Rc8 21. Qf3 Rc7
22. Qf4 Na6 23. Bxc6 Rb8 24. Bb5 Rbc8 25. Bxa6 Bxa6 26. Rc5 f6 27. Rxc7 Rxc7 28.
Qxf6 Qe7 29. Qf4 Rc2 30. Ng4 Qf8 31. Qe4 Qc8 32. Nf6+ Kf7 33. Nxh7 Bb7 34. Ng5+
Ke7 35. Qh4 Kd7 36. Qh7+ Kc6 37. Qxg6 Kb6 38. Nxe6 Qc3 39. Rf1 Ka7 40. Nc5 Rxf2
41. Nxb7 Rxf1+ 42. Kxf1 Kxb7 43. Qf7+ Ka6 44. Qe6+ Ka7 45. Qd7+ Ka8 46. Qd5+ Kb8
47. Qb5+ Kc8 48. Qf5+ Kb7 49. Ke2 b3 50. Qb1 Qc4+ 51. Kd2 Qxa4 52. Kc1 Qb4 53.
Qe4+ Ka7 54. Qh7+ Kb6 55. Qg6+ Kb5 56. Kb2 Qd2+ 57. Kxb3 a4+ 58. Ka3 Qxe3+ 59.
Ka2 Qd2+ 60. Kb1 Qd1+ 61. Ka2 Qd2+ 62. Kb1 Qd1+ 1/2-1/2

[Event "15th London Classic Open"]
[Site "London ENG"]
[Date "2025.11.27"]
[Round "1.5"]
[White "Panjer, Sidney"]
[Black "Pranav, Anand"]
[Result "0-1"]
[BlackTitle "GM"]
[WhiteElo "2287"]
[BlackElo "2581"]
[WhiteFideId "16207041"]
[BlackFideId "46626786"]
[EventDate "2025.11.27"]

1. d4 Nf6 2. c4 e6 3. Nf3 d5 4. g3 Bb4+ 5. Bd2 Be7 6. Bg2 O-O 7. O-O c6 8. Qc2
a5 9. b3 b6 10. Bc3 Bb7 11. Nbd2 c5 12. dxc5 bxc5 13. cxd5 exd5 14. e3 Qb6 15.
Rac1 Rd8 16. Rfd1 Nbd7 17. Ne5 Nf8 18. Bb2 Ne6 19. Qf5 a4 20. Ng4 Nxg4 21. Qxg4
g6 22. Be5 h5 23. Qe2 axb3 24. axb3 Rd7 25. Ra1 Re8 26. Qd3 Nf8 27. Bb2 Red8 28.
Bc3 Qe6 29. Ba5 Rc8 30. Bc3 Rcd8 31. Ba5 Rb8 32. Bc3 d4 33. exd4 cxd4 34. Bb2
Bxg2 35. Kxg2 h4 36. Ra4 h3+ 37. Kf1 Rbd8 38. Qe4 Qb6 39. Qg4 Qc6 40. Qe4 Qb5+
41. Qe2 Qb7 42. Qf3 Ne6 43. Qxb7 Rxb7 44. Rc4 g5 45. f3 Kh7 46. Ba1 Kg6 47. Rc6
Kh7 48. Kf2 Ra7 49. Rc4 Rda8 50. Ra4 Rxa4 51. bxa4 Rxa4 52. g4 Ra2 53. Kg3 Bd6+
54. Kxh3 Nf4+ 55. Kg3 Nd5+ 0-1

[Event "15th London Classic Open"]
[Site "London ENG"]
[Date "2025.11.27"]
[Round "1.6"]
[White "Kraemer, Martin"]
[Black "Haydon, David L"]
[Result "1/2-1/2"]
[WhiteTitle "GM"]
[BlackTitle "FM"]
[WhiteElo "2571"]
[BlackElo "2284"]
[WhiteFideId "4671910"]
[BlackFideId "415405"]
[EventDate "2025.11.27"]

1. e4 e5 2. Nf3 Nc6 3. Bb5 a6 4. Ba4 Nf6 5. O-O Nxe4 6. Re1 Nc5 7. Bxc6 dxc6 8.
Nxe5 Be7 9. d4 Ne6 10. Be3 O-O 11. c4 Bd6 12. Nf3 Re8 13. Nc3 b6 14. Ne5 Bxe5
15. dxe5 Qxd1 16. Raxd1 Nf8 17. f4 Be6 18. b3 Ng6 19. h3 h5 20. Kf2 Rad8 21. Rg1
h4 22. Kf3 f6 23. exf6 gxf6 24. Bd4 Kf7 25. Rge1 Bf5 26. Rxe8 Rxe8 27. Be3 Bc8
28. c5 b5 29. Ne2 Bf5 30. Kf2 Ne7 31. Nd4 Be4 32. Nf3 Nd5 33. Bd2 Bxf3 34. Kxf3
f5 35. Re1 Rg8 36. Re5 Rg3+ 37. Kf2 Kf6 38. Re8 Rd3 39. Ke2 Rg3 40. Kf1 Rd3 41.
Ke2 Rg3 42. Kf1 Rd3 43. Ke2 1/2-1/2

[Event "15th London Classic Open"]
[Site "London ENG"]
[Date "2025.11.27"]
[Round "1.7"]
[White "Fernandez, Daniel Howard"]
[Black "Kazarian, Anna-Maja"]
[Result "1-0"]
[WhiteTitle "GM"]
[BlackTitle "FM"]
[WhiteElo "2501"]
[BlackElo "2224"]
[WhiteFideId "5801605"]
[BlackFideId "1033689"]
[EventDate "2025.11.27"]

1. e4 e6 2. b3 d5 3. Bb2 Nf6 4. e5 Nfd7 5. f4 c5 6. Nf3 Nc6 7. g3 Be7 8. Bg2 O-O
9. O-O b5 10. Qe2 Qb6 11. f5 d4 12. d3 c4 13. f6 gxf6 14. exf6 Bxf6 15. bxc4
bxc4 16. Ba3 Rd8 17. Nbd2 Ba6 18. Ne4 Qa5 19. Bc1 cxd3 20. cxd3 Bg7 21. Nfg5
Nce5 22. Qh5 Nf8 23. Rxf7 Nxf7 24. Nf6+ Bxf6 25. Qxf7+ Kh8 26. Qxf6+ Kg8 27. Nf7
Qe1+ 28. Bf1 h5 29. Nh6+ Kh7 30. Qf7+ Kh8 31. Qg8# 1-0

[Event "15th London Classic Open"]
[Site "London ENG"]
[Date "2025.11.27"]
[Round "1.8"]
[White "Vu Dinh, Adrien"]
[Black "Jumabayev, Rinat"]
[Result "0-1"]
[BlackTitle "GM"]
[WhiteElo "2281"]
[BlackElo "2560"]
[WhiteFideId "45186995"]
[BlackFideId "13702661"]
[EventDate "2025.11.27"]

1. e4 c5 2. Ne2 Nc6 3. d4 cxd4 4. Nxd4 Nf6 5. Nc3 d6 6. Bg5 Bd7 7. Qd2 a6 8.
O-O-O e6 9. Kb1 Be7 10. Rg1 b5 11. f3 h6 12. Be3 Ne5 13. a3 Rc8 14. g4 g5 15. h4
Nh7 16. hxg5 hxg5 17. Rh1 Ng6 18. Nce2 Nh4 19. Ng3 Nf8 20. Nh5 Nfg6 21. Rh3 Rg8
22. Bd3 Ne5 23. Rg1 a5 24. Rf1 b4 25. axb4 axb4 26. Nb3 Nc4 27. Bxc4 Rxc4 28.
Bd4 Bb5 29. Rf2 Ng6 30. Ng7+ Kd7 31. Nh5 Kc8 32. Qe3 Kb7 33. Nd2 Rc6 34. Qb3 Qa5
35. Rh1 Ra8 0-1

[Event "15th London Classic Open"]
[Site "London ENG"]
[Date "2025.11.27"]
[Round "1.9"]
[White "Smirin, Ilia"]
[Black "Kalavannan, Koby"]
[Result "1-0"]
[WhiteTitle "GM"]
[BlackTitle "FM"]
[WhiteElo "2554"]
[BlackElo "2275"]
[WhiteFideId "2801990"]
[BlackFideId "425753"]
[EventDate "2025.11.27"]

1. e4 c5 2. Nf3 Nc6 3. d4 cxd4 4. Nxd4 g6 5. c4 Nf6 6. Nc3 Nxd4 7. Qxd4 d6 8.
Be2 Bg7 9. O-O O-O 10. Qe3 Be6 11. Bd2 Nd7 12. b3 Qb6 13. Rac1 Rfc8 14. Qg3 Be5
15. Qh4 Bf6 16. Bg5 Qa5 17. Bxf6 Nxf6 18. f4 Qc5+ 19. Kh1 Qe3 20. Bf3 Rab8 21.
Rfe1 Qd4 22. Qh6 Qd2 23. Qh4 Qd4 24. Qg3 Kh8 25. e5 dxe5 26. fxe5 Ng4 27. Bxg4
Qxg4 28. Qe3 a6 29. a4 Rd8 30. Rcd1 Kg7 31. a5 Qf5 32. Nd5 Rd7 33. Rd4 g5 34.
Kg1 h6 35. h4 Qg6 36. Rf1 Rg8 37. Qf3 Kh8 38. Rf2 Qg7 39. Qe3 Rgd8 40. Rfd2 Rc8
41. hxg5 hxg5 42. Nc3 Rxd4 43. Rxd4 Qg6 44. Rd2 Kg7 45. Ne4 g4 46. Nc5 Rh8 47.
Nxe6+ fxe6 48. Rd7 Qb1+ 49. Kf2 Qf5+ 50. Ke1 Rh1+ 51. Kd2 Kf7 52. Kc3 Ra1 53.
Kb4 Qb1 54. Rxb7 Qa2 55. Qf4+ Kg6 56. Qxg4+ Kh6 57. Qxe6+ Kh5 58. Kc5 Qf2+ 59.
Kc6 Rxa5 60. g4+ Kh4 61. Qxe7+ Kg3 62. Qd6 Qf3+ 63. Kb6 Qxb3+ 64. Kxa5 Qxb7 65.
e6+ Kxg4 66. e7 Qc8 67. Qg6+ 1-0

[Event "15th London Classic Open"]
[Site "London ENG"]
[Date "2025.11.27"]
[Round "1.10"]
[White "Noy, Eyal"]
[Black "Sanal, Vahap"]
[Result "0-1"]
[WhiteTitle "FM"]
[BlackTitle "GM"]
[WhiteElo "2275"]
[BlackElo "2546"]
[WhiteFideId "2821117"]
[BlackFideId "6300545"]
[EventDate "2025.11.27"]

1. d4 d5 2. c4 c6 3. Nf3 Nf6 4. Nc3 e6 5. Bg5 Be7 6. e3 h6 7. Bh4 Nbd7 8. Bd3
dxc4 9. Bxc4 b5 10. Bd3 Bb7 11. O-O a6 12. e4 c5 13. e5 Nd5 14. Ne4 O-O 15. Bxe7
Qxe7 16. Nd6 Rab8 17. Nxb7 Rxb7 18. Be4 c4 19. Bxd5 exd5 20. Re1 b4 21. Nd2 Nb6
22. Nf1 f5 23. Qd2 a5 24. e6 Rf6 25. Re5 c3 26. Qe2 cxb2 27. Rb1 Rc7 28. Qa6 Nc4
29. Ree1 Kh7 30. h3 Rg6 31. Nh2 Qg5 32. g3 Re7 33. Qc6 f4 34. g4 Qf5 35. Kh1 Qd3
36. Rbd1 Rexe6 0-1

[Event "15th London Classic Open"]
[Site "London ENG"]
[Date "2025.11.27"]
[Round "1.11"]
[White "Gavrilescu, David"]
[Black "Itkin, David"]
[Result "1-0"]
[WhiteTitle "GM"]
[WhiteElo "2542"]
[BlackElo "2272"]
[WhiteFideId "1227190"]
[BlackFideId "2611813"]
[EventDate "2025.11.27"]

1. e4 c6 2. Nf3 d5 3. Nc3 Bg4 4. h3 Bxf3 5. Qxf3 e6 6. Be2 Bc5 7. Qg3 Bd4 8. d3
Nd7 9. Be3 Bf6 10. d4 Ne7 11. O-O-O dxe4 12. Nxe4 Nf5 13. Qf4 O-O 14. g4 Nxe3
15. fxe3 Be7 16. g5 f5 17. gxf6 Nxf6 18. Rhg1 Nxe4 19. Qxe4 Qd5 20. Qg4 Rf7 21.
Bd3 Qxa2 22. Qh5 g5 23. c3 Raf8 24. h4 Qa1+ 25. Bb1 Rg7 26. Rdf1 Rgf7 27. Rxf7
Rxf7 28. hxg5 Kf8 29. g6 Ba3 30. Qh2 hxg6 31. Qb8+ Ke7 32. Qxb7+ Kd6 33. Qb8+
Rc7 34. Rxg6 1-0

[Event "15th London Classic Open"]
[Site "London ENG"]
[Date "2025.11.27"]
[Round "1.12"]
[White "Krishnan, Ritvik"]
[Black "Maze, Sebastien"]
[Result "0-1"]
[WhiteTitle "FM"]
[BlackTitle "GM"]
[WhiteElo "2265"]
[BlackElo "2534"]
[WhiteFideId "45055297"]
[BlackFideId "613762"]
[EventDate "2025.11.27"]

1. d4 Nf6 2. c4 g6 3. Nc3 Bg7 4. e4 d6 5. Nf3 O-O 6. Be2 Na6 7. O-O e5 8. Be3
Ng4 9. Bg5 Qe8 10. dxe5 dxe5 11. Rb1 h6 12. Bh4 Nf6 13. b4 Be6 14. c5 c6 15. Bg3
Bg4 16. Nd2 Bxe2 17. Qxe2 Nh5 18. Nc4 Qe7 19. Nd6 Nxg3 20. fxg3 Rad8 21. a3 Nb8
22. Qa2 b6 23. Rbd1 bxc5 24. bxc5 Nd7 25. Qc4 Nf6 26. Rd3 h5 27. Rdf3 Rd7 28. h3
Qe6 29. Qa6 Rc7 30. Qa5 Rd7 31. Qa4 Rc7 32. Nd1 Ne8 33. Nxe8 Rxe8 34. Ne3 Rd7
35. Qc2 Red8 36. Nc4 Bf8 37. Rf6 Bxc5+ 38. Kh2 Qe8 39. Na5 Bf8 40. Nxc6 Rc7 41.
Qc4 Rd6 42. Rxd6 Bxd6 43. Rc1 Bxa3 44. Rc2 Bf8 45. Qa6 Qe6 46. Qa4 Qf6 47. h4
Bh6 48. Nb4 Rxc2 49. Qxc2 Be3 50. Nd5 Qf2 51. Nxe3 Qxe3 52. Qb2 Qc5 53. Qb8+ Kg7
54. Qa8 a5 55. Kh1 Qb4 56. Qd5 Qc3 57. Qa8 Qxg3 0-1

[Event "15th London Classic Open"]
[Site "London ENG"]
[Date "2025.11.27"]
[Round "1.13"]
[White "Conquest, Stuart C"]
[Black "Dobrosmyslov, Artem"]
[Result "1/2-1/2"]
[WhiteTitle "GM"]
[BlackTitle "FM"]
[WhiteElo "2521"]
[BlackElo "2254"]
[WhiteFideId "400181"]
[BlackFideId "24139521"]
[EventDate "2025.11.27"]

1. c4 e6 2. Nc3 d5 3. d4 Bb4 4. e3 Nf6 5. cxd5 Nxd5 6. Bd2 O-O 7. Nf3 b6 8. Bd3
Ba6 9. Bxa6 Nxa6 10. Qe2 Nb8 11. O-O Nxc3 12. bxc3 Bd6 13. e4 c5 14. e5 Be7 15.
Qe4 Qd5 16. Qg4 Rd8 17. Bh6 Bf8 18. Bg5 Rd7 19. h4 Nc6 20. Rfd1 Qc4 21. Rac1 Qa4
22. h5 Rc8 23. Be3 cxd4 24. cxd4 Ne7 25. Ng5 Rdc7 26. Rxc7 Rxc7 27. Kh2 Nf5 28.
Ne4 Rc4 29. h6 g6 30. Rd2 Kh8 31. Qf3 Qd7 32. g4 Nxh6 33. Nf6 Qc6 34. Qh3 Rc3
35. d5 exd5 36. Nxd5 Ra3 37. Qh4 Ng8 38. Bd4 Bg7 39. Qd8 Qe6 40. Nf6 Bxf6 41.
exf6 Qxg4 42. Be3 Qh4+ 43. Kg1 Qg4+ 44. Kh2 Qh4+ 45. Kg1 Qg4+ 46. Kh2 1/2-1/2

[Event "15th London Classic Open"]
[Site "London ENG"]
[Date "2025.11.27"]
[Round "1.14"]
[White "Lau, Lut Yin Luke"]
[Black "Cornette, Matthieu"]
[Result "0-1"]
[WhiteTitle "CM"]
[BlackTitle "GM"]
[WhiteElo "2243"]
[BlackElo "2517"]
[WhiteFideId "6002226"]
[BlackFideId "620084"]
[EventDate "2025.11.27"]

1. e4 e5 2. Nf3 Nc6 3. d4 exd4 4. Nxd4 Bc5 5. Nb3 Bb4+ 6. c3 Be7 7. Bd3 d5 8.
Qe2 Ne5 9. Bc2 dxe4 10. Qxe4 Ng6 11. O-O Nf6 12. Qe2 O-O 13. h3 Bd6 14. Bg5 h6
15. Be3 Re8 16. Rd1 Qe7 17. N1d2 Qe5 18. Nf1 Nh4 19. Nd4 Nd5 20. Nf3 Nf4 21.
Nxe5 Nxe2+ 22. Kh1 Bxe5 23. Re1 Nxc3 24. bxc3 Bxc3 25. Bd2 Bf5 26. Bxc3 Bxc2 27.
Ne3 Be4 28. f3 Bc6 29. Kg1 Rad8 30. Kf2 Ng6 31. Nf5 f6 32. Kg3 Rd5 33. Rxe8+
Bxe8 34. Re1 Kf7 35. Ne3 Rd3 36. Ba1 Ne7 37. Re2 c5 38. Kf2 b5 39. Nf1 Nd5 40.
Rc2 c4 41. Ng3 Rd1 42. Bb2 Nb4 43. Re2 Nd3+ 44. Ke3 Nxb2 45. Rxb2 c3 46. Rf2 b4
47. Ne4 Ba4 0-1

[Event "15th London Classic Open"]
[Site "London ENG"]
[Date "2025.11.27"]
[Round "1.15"]
[White "Rozen, Eytan"]
[Black "Shubin, Daniel"]
[Result "1-0"]
[WhiteTitle "IM"]
[BlackTitle "CM"]
[WhiteElo "2515"]
[BlackElo "2235"]
[WhiteFideId "2816750"]
[BlackFideId "30936470"]
[EventDate "2025.11.27"]

1. d4 d5 2. Nf3 Nf6 3. c4 e6 4. cxd5 exd5 5. Bf4 Bb4+ 6. Nbd2 O-O 7. e3 Bg4 8.
Be2 Ne4 9. a3 Bxf3 10. axb4 Bxe2 11. Qxe2 Nxd2 12. Kxd2 c6 13. b5 Qe7 14. Rhc1
a6 15. Kd1 cxb5 16. Rc7 Qe6 17. Rxb7 Nc6 18. Rc7 Rfc8 19. Rxc8+ Rxc8 20. Rc1 Na5
21. Rc7 g5 22. Bg3 Rxc7 23. Bxc7 Qe4 24. Qc2 Qxc2+ 25. Kxc2 Nc6 26. Kd3 f5 27.
g4 fxg4 28. e4 Nb4+ 29. Kc3 Na2+ 30. Kb3 Nc1+ 31. Kc2 Ne2 32. Kd3 Nf4+ 33. Bxf4
gxf4 34. b4 Kf7 35. exd5 Ke7 36. Ke4 f3 37. Kf4 Kd6 38. Kxg4 Kxd5 39. Kxf3 Kxd4
40. Kf4 a5 41. bxa5 b4 42. a6 b3 43. a7 b2 44. a8=Q b1=Q 45. Qa7+ Kd5 46. Qd7+
Kc4 47. Qe6+ Kd4 48. Qe5+ Kc4 49. Qe4+ 1-0

[Event "15th London Classic Open"]
[Site "London ENG"]
[Date "2025.11.27"]
[Round "1.16"]
[White "Sivanandan, Bodhana"]
[Black "Chasin, Nico"]
[Result "0-1"]
[WhiteTitle "WIM"]
[BlackTitle "IM"]
[WhiteElo "2233"]
[BlackElo "2512"]
[WhiteFideId "497592"]
[BlackFideId "30908477"]
[EventDate "2025.11.27"]

1. e4 c5 2. Nf3 e6 3. g3 Nc6 4. Bg2 Nf6 5. Nc3 Be7 6. O-O d6 7. d4 cxd4 8. Nxd4
O-O 9. Re1 Bd7 10. Nxc6 Bxc6 11. a4 a6 12. a5 Rc8 13. Be3 Qc7 14. Qe2 Rfe8 15.
Red1 h6 16. Rd2 Nd7 17. f4 Bf6 18. Rd3 Red8 19. Qd2 Nc5 20. Bxc5 dxc5 21. e5 c4
22. Rxd8+ Rxd8 23. Qe2 Be7 24. Qxc4 Rd2 25. Bxc6 Rxc2 26. Bd5 Bc5+ 27. Kh1 exd5
28. Qxd5 Qc8 29. Qe4 Rxb2 30. f5 Rb4 31. Qf3 Rb3 32. Rf1 Bb4 33. Qg4 Bxc3 34.
Qe4 Rb4 35. Qd5 Rb5 36. Qf3 Bxe5 37. Rd1 Qc6 38. Qxc6 bxc6 39. Rd8+ Kh7 40. Rc8
c5 41. Kg2 Rxa5 42. Rc6 Ra2+ 43. Kf3 Bd4 44. h4 a5 45. Rc7 Rf2+ 46. Ke4 a4 47.
Ra7 Re2+ 48. Kf3 Ra2 49. g4 a3 50. Kg3 Rc2 51. Rxa3 Rc3+ 52. Rxc3 Bxc3 53. Kf3
Be1 54. h5 c4 55. Ke2 Bh4 56. Kd2 Bf6 57. Ke3 Kg8 58. Ke4 Kf8 0-1

[Event "15th London Classic Open"]
[Site "London ENG"]
[Date "2025.11.27"]
[Round "1.17"]
[White "Fodor, Tamas Jr."]
[Black "Khoo-Thwe, Louis"]
[Result "1-0"]
[WhiteTitle "GM"]
[BlackTitle "CM"]
[WhiteElo "2508"]
[BlackElo "2225"]
[WhiteFideId "723762"]
[BlackFideId "1538756"]
[EventDate "2025.11.27"]

1. d4 Nf6 2. Nf3 d5 3. c4 e6 4. Nc3 Be7 5. Bf4 O-O 6. e3 c6 7. h3 Nbd7 8. c5 b6
9. b4 bxc5 10. bxc5 Qa5 11. Qd2 Ba6 12. Nxd5 Qxd2+ 13. Kxd2 Nxd5 14. Bxa6 Nxf4
15. exf4 Rfd8 16. Ke3 Rab8 17. Rab1 Rxb1 18. Rxb1 Rb8 19. Rb7 Rxb7 20. Bxb7 Nb8
21. Ne5 Bf6 22. Nxc6 Nxc6 23. Bxc6 Kf8 24. f5 Ke7 25. fxe6 fxe6 26. Be4 g6 27.
f4 Bg7 28. Kd3 Bh6 29. g3 Kd7 30. Kc4 Kc7 31. h4 1-0

[Event "15th London Classic Open"]
[Site "London ENG"]
[Date "2025.11.27"]
[Round "1.18"]
[White "Gallana, Marco"]
[Black "Mikhalevski, Victor"]
[Result "0-1"]
[BlackTitle "GM"]
[WhiteElo "2225"]
[BlackElo "2504"]
[WhiteFideId "824542"]
[BlackFideId "2801914"]
[EventDate "2025.11.27"]

1. Nf3 Nf6 2. c4 g6 3. Nc3 Bg7 4. d4 O-O 5. e4 d6 6. Be2 h6 7. O-O e5 8. h3 Nbd7
9. dxe5 dxe5 10. Be3 c6 11. Qc1 Kh7 12. Rd1 Qe7 13. c5 Nh5 14. b4 f5 15. exf5
gxf5 16. Rd6 Ndf6 17. g3 Ne8 18. Rd1 f4 19. Qc2+ Bf5 20. Bd3 Bxd3 21. Qxd3+ e4
22. Nxe4 Bxa1 23. Nh4 Kg8 24. Ng6 Qg7 25. Nxf8 Kxf8 26. Bc1 Be5 27. g4 Nhf6 28.
Nxf6 Nxf6 29. Qf5 Qg5 30. Qc2 Nxg4 31. hxg4 Qxg4+ 32. Kf1 Qh3+ 33. Ke2 Re8 34.
Rd3 Bc3+ 35. Be3 f3+ 0-1

[Event "15th London Classic Open"]
[Site "London ENG"]
[Date "2025.11.27"]
[Round "1.19"]
[White "Richardson, John R"]
[Black "Ghasi, Ameet K"]
[Result "0-1"]
[WhiteTitle "FM"]
[BlackTitle "GM"]
[WhiteElo "2224"]
[BlackElo "2500"]
[WhiteFideId "401617"]
[BlackFideId "409200"]
[EventDate "2025.11.27"]

1. e4 c5 2. Nf3 e6 3. g3 Nc6 4. Bg2 Nf6 5. Nc3 e5 6. O-O Be7 7. Nd5 d6 8. Nxe7
Nxe7 9. c3 O-O 10. d4 cxd4 11. cxd4 Ng6 12. Re1 b6 13. b3 Bb7 14. d5 Nd7 15. h4
h6 16. h5 Ne7 17. Nh4 f5 18. exf5 Nxf5 19. Ng6 Rf6 20. g4 Rxg6 21. hxg6 Nh4 22.
g5 Nxg2 23. Kxg2 Qe8 24. Qh5 Qe6 25. gxh6 Rf8 26. hxg7 Qxd5+ 27. f3 Qxf3+ 28.
Qxf3 Rxf3 29. Rf1 Rf6+ 30. Kg1 Rxg6+ 31. Kf2 Rg2+ 32. Ke3 d5 33. Rf2 Rg3+ 34.
Kd2 e4 35. Rh2 e3+ 36. Kc2 d4 37. Ba3 Be4+ 38. Kb2 Kxg7 39. Rd1 d3 40. Kc3 d2
41. Re2 Nf6 42. Bd6 Nd5+ 43. Kd4 Rg4 44. Ke5 Rg2 45. Kxe4 Rxe2 46. Kd3 Re1 47.
Kc2 Rxd1 48. Be5+ Kg6 49. Kxd1 Kf5 50. Bh8 Ke4 51. Bg7 Kd3 52. Bh8 e2# 0-1

[Event "15th London Classic Open"]
[Site "London ENG"]
[Date "2025.11.27"]
[Round "1.20"]
[White "Royal, Shreyas"]
[Black "Dignam, Matthew"]
[Result "1-0"]
[WhiteTitle "GM"]
[BlackTitle "CM"]
[WhiteElo "2495"]
[BlackElo "2214"]
[WhiteFideId "448869"]
[BlackFideId "2501422"]
[EventDate "2025.11.27"]

1. d4 d6 2. e4 Nf6 3. Nc3 e5 4. Nf3 Nbd7 5. Rg1 exd4 6. Nxd4 g6 7. Be3 Bg7 8. g4
Nc5 9. f3 h5 10. h3 hxg4 11. hxg4 Rh2 12. Bf4 Rh7 13. Qd2 Ne6 14. Be3 Nxd4 15.
Bxd4 Be6 16. O-O-O Qd7 17. Bb5 c6 18. Be2 Rd8 19. Rh1 Rxh1 20. Rxh1 Kf8 21. Rh4
c5 22. Be3 Ng8 23. f4 b5 24. Nxb5 Qb7 25. Bxc5 Ne7 26. e5 g5 27. Rh7 Kg8 28.
Rxg7+ Kxg7 29. f5 Qh1+ 30. Bd1 Bd5 31. f6+ Kf8 32. Bxd6 Rxd6 33. fxe7+ 1-0

[Event "15th London Classic Open"]
[Site "London ENG"]
[Date "2025.11.27"]
[Round "1.21"]
[White "Aditya, Kunal Patil"]
[Black "Travadon, Loic"]
[Result "0-1"]
[WhiteTitle "CM"]
[BlackTitle "IM"]
[WhiteElo "2208"]
[BlackElo "2492"]
[WhiteFideId "25656716"]
[BlackFideId "26092131"]
[EventDate "2025.11.27"]

1. e4 c5 2. Nc3 Nc6 3. f4 g6 4. Nf3 Bg7 5. Bc4 e6 6. e5 d6 7. exd6 Qxd6 8. Ne4
Qe7 9. Bb5 Bd7 10. d3 Nf6 11. O-O O-O 12. Bxc6 Bxc6 13. Nxf6+ Bxf6 14. Ne5 Rac8
15. Qe2 Bg7 16. b3 Be8 17. Bb2 f6 18. Nc4 Bc6 19. a4 b6 20. Rae1 Rce8 21. Qe3
Bd5 22. Qh3 Qd7 23. Re2 Re7 24. Ne3 Bc6 25. Nc4 Bd5 26. Ne3 Bb7 27. Nc4 Qc6 28.
Rfe1 Bc8 29. Qg3 a6 30. Nd2 b5 31. axb5 axb5 32. Ne4 Rc7 33. Qh4 Rcf7 34. Qf2 c4
35. dxc4 bxc4 36. Qc5 Rc7 37. Qxc6 Rxc6 38. Ba3 Rd8 39. Be7 Rd4 40. bxc4 f5 41.
Ng5 Rxf4 42. Nxe6 Bxe6 43. g3 Re4 44. Rxe4 fxe4 45. Rxe4 Bf5 0-1